Statistics for Chinese Province Capitals Quiz

Click here to take the quiz!

General Stats

  • This quiz has been taken 482 times
    (196 since last reset)
  • The average score is 22 of 31

Answer Stats

ProvinceCapital% Correct
BeijingBeijing
99%
GuangdongGuangzhou
95%
ShanghaiShanghai
95%
ChongqingChongqing
91%
HubeiWuhan
91%
ShaanxiXi'an
87%
TianjinTianjin
86%
SichuanChengdu
86%
FujianFuzhou
85%
TibetLhasa
85%
HeilongjiangHarbin
85%
JiangsuNanjing
81%
XinjiangUrumqi
79%
ZhejiangHangzhou
72%
LiaoningShenyang
69%
YunnanKunming
68%
GuangxiNanning
66%
Inner MongoliaHohhot
65%
HunanChangsha
64%
AnhuiHefei
63%
HainanHaikou
61%
HenanZhengzhou
60%
GansuLanzhou
55%
HebeiShijiazhuang
55%
ShandongJinan
53%
GuizhouGuiyang
50%
ShanxiTaiyuan
49%
JilinChangchun
47%
QinghaiXining
44%
JiangxiNanchang
43%
NingxiaYinchuan
40%

Score Distribution

Percentile by Number Answered

Percent of People with Each Score

Your Score History

You have not taken this quiz since the last reset